Normal view
MARC view
Entry Topical Term
001 - CONTROL NUMBER
- control field: 51688
003 - CONTROL NUMBER IDENTIFIER
- control field: ARRUPE
005 - DATE AND TIME OF LATEST TRANSACTION
- control field: 20220519122250.0
008 - FIXED-LENGTH DATA ELEMENTS
- fixed length control field: 220519|| aca||aabn | a|a d
040 ## - CATALOGING SOURCE
- Original cataloging agency: ARRUPE
- Transcribing agency: ARRUPE
150 ## - HEADING--TOPICAL TERM
- Topical term or geographic name as entry element: Actors
- Geographic subdivision: South Africa
- General subdivision: Biography
670 ## - SOURCE DATA FOUND
- Source citation: Work cat.: (ARRUPE)131465: Modisane, Bloke, -1986. 51686, Blame me on history /, 1986.